000 00819nam a22002657a 4500
001 BR8902002
003 BR-BrBNA
005 20230928093211.0
007 ta
008 230509b bl.||||| |||| 00| 0 por d
040 _aBR-BrBNA
_bpor
_cBiblioteca Nacional de Agricultura
041 _a(Por)
072 _aF30
_b1823
090 _ 1823 BR8902002
100 1 _aAlmeida, A.H.B. de
110 1 _aUniversidade Federal de Vicosa, MG (Brasil)
_0Tese (Magister Scientiae)
245 1 _aHeterose e correlacoes em plantas braquiticas e normais e jerimum-caboclo (Cucurbita maxima Duchesne)
260 3 _aVicosa, MG (Brasil):
_c1988.
300 _a58 p.
500 _a22 tables; 48 ref.; Summary (Por)
650 _aABOBORA MENINA
650 _aVIGOR HIBRIDO
909 _a202309
_bLucia
_c55
_dLucia Elande
942 _cBK
999 _c43580
_d43580